00573nam a2200181Ia 4500003000900000008004100009040001600050080001300066100002600079245004600105260003800151300001600189650002700205650001100232942000700243999001500250952012600265IN-BaIIA211028s9999 xx 000 0 eng d cIIA Library a535bMER aMertz, Lawrence95623 0aTransformations in OpticscLawrence Mertz aNew YorkbJohn Wiley & Sonsc1965 aviii, 116p. aFourier Transformation aOptics cBK c3840d3840 00104070aBANbBANcGENd1971-12-16g67.18l1o535/ MERp4291r2023-01-24s2022-05-05v67.18w1971-12-16yBKGRs. 67.18